[Event "Thessaloniki op"]
[Site "Thessaloniki"]
[Date "2010.04.05"]
[Round "1"]
[White "Antic, Dejan"]
[Black "Konstantelias, Konstantinos"]
[Result "1-0"]
[WhiteElo "2502"]
[BlackElo "2076"]
[PlyCount "129"]
[EventDate "2010.04.04"]
[EventType "swiss"]
[EventRounds "9"]
[EventCountry "GRE"]
[SourceTitle "CBM 135 Extra"]
[Source "ChessBase"]
[SourceDate "2010.05.04"]
[SourceVersion "1"]
[SourceVersionDate "2010.05.04"]
[SourceQuality "1"]

1. d4 f5 2. g3 Nf6 3. Bg2 e6 4. Nf3 d5 5. 0-0 c6 6. c4 Bd6 7. b3 Qe7 8. Ne5 0-0 9. Bb2 b6 10. cxd5 cxd5 11. Nc4 Nc6 12. Nxd6 Qxd6 13. Ba3 Nb4 14. Qd2 a5 15. Nc3 Ba6 16. Rfc1 Ra7 17. Nd1 Ne4 18. Bxe4 dxe4 19. Ne3 f4 20. Bxb4 axb4 21. Nf1 Raf7 22. gxf4 Rxf4 23. Ng3 Rxf2 24. Rf1 Rxf1+ 25. Rxf1 Rxf1+ 26. Kxf1 e5 27. d5 Bb7 28. Nxe4 Qxd5 29. Qxd5+ Bxd5 30. Nf2 e4 31. Nd1 Kf7 32. Ne3 Ke6 33. Nc2 Bb7 34. Nxb4 Ke5 35. Nc2 Kf4 36. Kf2 Ba6 37. a4 g5 38. b4 Bc8 39. a5 bxa5 40. bxa5 h5 41. Nb4 h4 42. a6 g4 43. Nd5+ Ke5 44. a7 Bb7 45. Ne3 Kf4 46. Ng2+ Kg5 47. Kg1 Bc6 48. e3 h3 49. Nf4 g3 50. hxg3 Kg4 51. Kh2 Kf3 52. Ne6 Kxe3 53. g4 Kd3 54. g5 e3 55. g6 Ke4 56. Nc5+ Kd4 57. Nb3+ Ke5 58. g7 e2 59. a8Q e1Q 60. Qxc6 Qe2+ 61. Kxh3 Qg4+ 62. Kh2 Qh5+ 63. Kg1 Qd1+ 64. Kf2 Qxb3 65. Qe8+ 1-0

[Event "Greek CC Unions op 2nd"]
[Site "Greece"]
[Date "2008.06.25"]
[Round "6"]
[White "Konstantelias, Konstantinos"]
[Black "Tsikerdanos, Konstantinos"]
[Result "0-1"]
[WhiteElo "1965"]
[BlackElo "2024"]
[PlyCount "92"]
[EventDate "2008.06.21"]
[EventType "swiss"]
[EventRounds "7"]
[EventCountry "GRE"]
[SourceTitle "EXT 2010"]
[Source "ChessBase"]
[SourceDate "2010.11.25"]
[SourceVersion "1"]
[SourceVersionDate "2010.11.25"]
[SourceQuality "1"]

1. e4 c5 2. Nc3 Nc6 3. g3 g6 4. Bg2 Bg7 5. d3 d6 6. Be3 e6 7. Qd2 Nd4 8. Nge2 Ne7 9. 0-0 Nxe2+ 10. Qxe2 0-0 11. Rae1 Nc6 12. f4 Nd4 13. Qf2 Qa5 14. a3 Bd7 15. Rc1 Rab8 16. h4 b5 17. Nb1 Nc6 18. e5 dxe5 19. Bxc5 exf4 20. Qxf4 Be5 21. Qf3 Qc7 22. Bxf8 Rxf8 23. c3 Bxg3 24. h5 Bh2+ 25. Kh1 Ne7 26. Nd2 Bc6 27. Qh3 Bf4 28. Rf2 Nf5 29. Bxc6 Qxc6+ 30. Qg2 Qc7 31. Qf3 Be3 32. Rg2 Rd8 33. d4 Bh6 34. Qh3 Qc6 35. Kg1 Be3+ 36. Kf1 Rxd4 37. Rd1 Rf4+ 38. Ke2 Bxd2 39. Kxd2 Rh4 40. Rxg6+ hxg6 41. Qd3 Rh2+ 42. Kc1 Qg2 43. Qd8+ Kh7 44. hxg6+ Kg7 45. Rd2 Qxd2+ 46. Qxd2 Rxd2 0-1